[Event "WchT Seniors 65"]
[Site "Dresden"]
[Date "2018.07.07"]
[Round "1.3"]
[White "Schmidt, Bodo"]
[Black "Appelt, Gerd"]
[Result "1-0"]
[WhiteElo "2344"]
[BlackElo "2024"]
[PlyCount "53"]
[EventDate "2018.07.07"]
[EventType "team-swiss"]
[EventRounds "9"]
[EventCountry "GER"]
[SourceTitle "CBM 185 Extra"]
[Source "ChessBase"]
[SourceDate "2018.07.29"]
[SourceVersion "1"]
[SourceVersionDate "2018.07.29"]
[SourceQuality "1"]
[WhiteTeam "Germany"]
[BlackTeam "Dresden TuR"]
[WhiteTeamCountry "GER"]
[BlackTeamCountry "GER"]

1. d4 Nf6 2. Nf3 e6 3. e3 b6 4. Bd3 Bb7 5. 0-0 Be7 6. c4 0-0 7. Nc3 d5 8. cxd5 exd5 9. b3 Nbd7 10. Bb2 Re8 11. Rc1 a6 12. Ne5 Bd6 13. f4 Nf8 14. Rc2 Re7 15. Qf3 c5 16. g4 Rc8 17. g5 Bxe5 18. fxe5 Ne4 19. Nxe4 dxe4 20. Bxe4 Bxe4 21. Qxe4 Re6 22. h4 Nd7 23. d5 Rg6 24. Rcf2 Qe8 25. Rxf7 Nf6 26. R1xf6 gxf6 27. e6 1-0

[Event "Sachsen-ch Seniors op"]
[Site "Dresden"]
[Date "2016.11.06"]
[Round "7"]
[White "Appelt, Gerd"]
[Black "Siegmund, Rainer"]
[Result "1/2-1/2"]
[WhiteElo "2003"]
[BlackElo "2090"]
[PlyCount "97"]
[EventDate "2016.10.31"]
[EventType "swiss"]
[EventRounds "9"]
[EventCountry "GER"]
[SourceTitle "EXT 2019"]
[Source "ChessBase"]
[SourceDate "2018.10.10"]
[SourceVersion "1"]
[SourceVersionDate "2018.10.10"]
[SourceQuality "1"]

1. d4 Nf6 2. c4 e6 3. Nc3 Bb4 4. Qc2 0-0 5. e3 c5 6. Bd3 Nc6 7. Nge2 d5 8. a3 dxc4 9. Bxc4 Bxc3+ 10. bxc3 Na5 11. Ba2 Qc7 12. Bb1 b6 13. Nf4 g6 14. 0-0 e5 15. Ne2 Ba6 16. Re1 Rac8 17. Qd1 Rfd8 18. Bd3 Bxd3 19. Qxd3 c4 20. Qc2 Nb3 21. Rb1 e4 22. Ng3 Re8 23. f4 Qe7 24. Bb2 Nd5 25. Re2 f5 26. Nf1 a5 27. Nd2 a4 28. Rf1 b5 29. Nb1 Kh8 30. Bc1 Rg8 31. Kh1 Rcf8 32. Bd2 Nxd2 33. Qxd2 g5 34. g3 Rg6 35. Qb2 Qd7 36. fxg5 Rxg5 37. Nd2 Rf6 38. Rff2 Kg7 39. Nf1 Rfg6 40. Rg2 Rf6 41. Qc1 Rgg6 42. Rb2 Rb6 43. Rbf2 Kh8 44. Qe1 Rgf6 45. Rb2 Qe7 46. Ra2 Qf8 47. Qc1 Qh6 48. Rac2 Qh5 49. Qe1 1/2-1/2

[Event "Sachsen-ch Seniors op"]
[Site "Dresden"]
[Date "2016.11.02"]
[Round "3"]
[White "Appelt, Gerd"]
[Black "Wurmb, Peter"]
[Result "1/2-1/2"]
[WhiteElo "2003"]
[BlackElo "1929"]
[PlyCount "39"]
[EventDate "2016.10.31"]
[EventType "swiss"]
[EventRounds "9"]
[EventCountry "GER"]
[SourceTitle "EXT 2019"]
[Source "ChessBase"]
[SourceDate "2018.10.10"]
[SourceVersion "1"]
[SourceVersionDate "2018.10.10"]
[SourceQuality "1"]

1. e4 c5 2. Nf3 e6 3. d4 cxd4 4. Nxd4 a6 5. Be2 Nf6 6. Bf3 Qc7 7. Be3 Be7 8. Nd2 d6 9. 0-0 Nbd7 10. c4 Rb8 11. Rc1 b6 12. Be2 Bb7 13. f3 0-0 14. Bf2 Rbd8 15. Kh1 Qb8 16. b4 Qa8 17. Qb3 Rfe8 18. Rfe1 d5 19. exd5 exd5 20. Nf5 1/2-1/2

[Event "GER-ch Seniors 21st"]
[Site "Dresden"]
[Date "2009.08.09"]
[Round "8"]
[White "Dushatskiy, Fedor"]
[Black "Appelt, Gerd"]
[Result "1-0"]
[WhiteElo "2187"]
[BlackElo "2061"]
[PlyCount "79"]
[EventDate "2009.08.03"]
[EventType "swiss"]
[EventRounds "9"]
[EventCountry "GER"]
[SourceTitle "CBM 131 Extra"]
[Source "ChessBase"]
[SourceDate "2009.09.03"]
[SourceVersion "2"]
[SourceVersionDate "2009.09.16"]
[SourceQuality "1"]

1. e4 e5 2. Nf3 Nc6 3. Bb5 a6 4. Bxc6 dxc6 5. 0-0 Bd6 6. d4 exd4 7. Qxd4 f6 8. Be3 Be6 9. Nbd2 c5 10. Qc3 b6 11. Rfd1 Ne7 12. Nc4 Qb8 13. Rd2 Bxc4 14. Qxc4 Qb7 15. Rad1 b5 16. Qe6 Qc8 17. Qxc8+ Rxc8 18. c4 Kf7 19. Rc1 b4 20. Ne1 Nc6 21. Nd3 Rcd8 22. Rcd1 Na5 23. b3 Nb7 24. Nxc5 Bxc5 25. Rxd8 Rxd8 26. Rxd8 Nxd8 27. Bxc5 Nc6 28. Kf1 a5 29. Ke2 Ke6 30. Kf3 f5 31. Kf4 fxe4 32. Kxe4 g6 33. f4 Nb8 34. g4 Nd7 35. f5+ Kf7 36. Bd4 c6 37. Kf4 h6 38. h4 gxf5 39. Kxf5 c5 40. Be3 1-0

[Event "GER-ch Seniors 21st"]
[Site "Dresden"]
[Date "2009.08.05"]
[Round "4"]
[White "Zunker, Reinhard"]
[Black "Appelt, Gerd"]
[Result "1-0"]
[WhiteElo "2179"]
[BlackElo "2061"]
[PlyCount "77"]
[EventDate "2009.08.03"]
[EventType "swiss"]
[EventRounds "9"]
[EventCountry "GER"]
[SourceTitle "CBM 131 Extra"]
[Source "ChessBase"]
[SourceDate "2009.09.03"]
[SourceVersion "2"]
[SourceVersionDate "2009.09.16"]
[SourceQuality "1"]

1. e4 e5 2. Nf3 Nc6 3. Bb5 a6 4. Ba4 Nf6 5. 0-0 Nxe4 6. d4 exd4 7. Re1 d5 8. c4 Bb4 9. cxd5 Bxe1 10. Qxe1 Qxd5 11. Bb3 Qf5 12. Bc2 0-0 13. Qxe4 Qxe4 14. Bxe4 Rd8 15. Bf4 f5 16. Bxc6 bxc6 17. Bxc7 Rd7 18. Be5 c5 19. Nbd2 Bb7 20. Rc1 Rc8 21. Nc4 Rc6 22. Nfd2 Rg6 23. g3 Bd5 24. b3 Rc6 25. Na5 Re6 26. f4 g5 27. Kf2 gxf4 28. gxf4 Rg6 29. Nf3 Be4 30. Nc4 Kf7 31. Ncd2 Rc6 32. Nxe4 fxe4 33. Nxd4 Rh6 34. Rxc5 Rxh2+ 35. Ke3 Rxa2 36. Kxe4 a5 37. Nc6 a4 38. b4 Rb7 39. Nd8+ 1-0

[Event "EU-chT Seniors 10th"]
[Site "Dresden"]
[Date "2008.02.18"]
[Round "8.1"]
[White "Jongsma, Alexander"]
[Black "Appelt, Gerd"]
[Result "1-0"]
[WhiteElo "2192"]
[BlackElo "2046"]
[PlyCount "75"]
[EventDate "2008.02.11"]
[EventType "team-swiss"]
[EventRounds "9"]
[EventCountry "GER"]
[SourceTitle "CBM 122 Extra"]
[Source "ChessBase"]
[SourceDate "2008.03.04"]
[SourceVersion "1"]
[SourceVersionDate "2008.03.04"]
[SourceQuality "1"]
[WhiteTeam "Den Haag"]
[BlackTeam "Dresden Rotation"]
[WhiteTeamCountry "NED"]
[BlackTeamCountry "GER"]

1. e4 e5 2. Nf3 Nc6 3. Bb5 a6 4. Ba4 Nf6 5. 0-0 Nxe4 6. d4 exd4 7. Re1 d5 8. c4 Bb4 9. cxd5 Bxe1 10. Qxe1 Qxd5 11. Bb3 Qf5 12. Bc2 0-0 13. Bxe4 Qc5 14. Qd1 Rd8 15. Bf4 Bf5 16. Bxf5 Qxf5 17. Bxc7 Rd7 18. Bb6 Qb5 19. Qb3 Qe2 20. Nbd2 Qb5 21. Rd1 Re8 22. Qxb5 axb5 23. Kf1 Nb4 24. Bxd4 Nxa2 25. Nb3 Nb4 26. g3 Nc6 27. Rc1 f6 28. Be3 Rd5 29. Nc5 Na5 30. b4 Nc4 31. Bd4 Nd2+ 32. Nxd2 Rxd4 33. Nf3 Rxb4 34. Nxb7 Rb2 35. Nd4 Rb8 36. Rc7 Re8 37. Nd6 Rb8 38. Ne6 1-0

[Event "Sachsen-ch Seniors"]
[Site "Dresden"]
[Date "2007.08.??"]
[Round "4"]
[White "Appelt, Gerd"]
[Black "Packroff, Hermann"]
[Result "1/2-1/2"]
[WhiteElo "2046"]
[BlackElo "2196"]
[PlyCount "70"]
[EventDate "2007.07.28"]
[EventType "swiss"]
[EventRounds "9"]
[EventCountry "GER"]
[SourceTitle "EXT 2008"]
[Source "ChessBase"]
[SourceDate "2007.11.25"]
[SourceVersion "1"]
[SourceVersionDate "2007.11.25"]
[SourceQuality "1"]

1. c4 Nf6 2. Nc3 d5 3. cxd5 Nxd5 4. g3 g6 5. Bg2 Nxc3 6. bxc3 Bg7 7. Rb1 Nd7 8. Nf3 0-0 9. 0-0 Nb6 10. Qc2 Bd7 11. Nd4 Ba4 12. Nb3 c5 13. c4 Qc7 14. d3 Rac8 15. Bb2 Bxb2 16. Qxb2 Bc6 17. Nd2 Bxg2 18. Kxg2 Qc6+ 19. Kg1 Qe6 20. Ne4 Nxc4 21. Nxc5 Rxc5 22. dxc4 b6 23. Qa3 Qh3 24. f3 Qd7 25. Rfd1 Qc7 26. Rbc1 e6 27. Kf1 h5 28. Rd4 e5 29. Rd5 Rxc4 30. Rxc4 Qxc4 31. Rxe5 a5 32. Qb2 Qc7 33. Re4 Rd8 34. Qf6 Rf8 35. Kg2 Qd8 1/2-1/2

[Event "Sachsen-ch Seniors"]
[Site "Dresden"]
[Date "2007.08.??"]
[Round "5"]
[White "Appelt, Gerd"]
[Black "Siegmund, Rainer"]
[Result "1/2-1/2"]
[WhiteElo "2046"]
[BlackElo "2187"]
[PlyCount "65"]
[EventDate "2007.07.28"]
[EventType "swiss"]
[EventRounds "9"]
[EventCountry "GER"]
[SourceTitle "EXT 2008"]
[Source "ChessBase"]
[SourceDate "2007.11.25"]
[SourceVersion "1"]
[SourceVersionDate "2007.11.25"]
[SourceQuality "1"]

1. c4 c5 2. Nf3 Nc6 3. Nc3 e5 4. d3 d6 5. g3 g6 6. Bg2 Bg7 7. 0-0 Nge7 8. Bd2 0-0 9. Ne1 Be6 10. Nd5 Qd7 11. Nc2 Bh3 12. Nxe7+ Nxe7 13. Qc1 Bxg2 14. Kxg2 d5 15. cxd5 Nxd5 16. h3 Rfe8 17. Rd1 Rac8 18. Ne3 b5 19. Nxd5 Qxd5+ 20. f3 Qe6 21. Be3 Red8 22. Bxc5 Bf8 23. b4 Bxc5 24. bxc5 Rd5 25. Qa3 Rdxc5 26. Qxa7 Rc2 27. Qe3 Qd5 28. Rd2 b4 29. Rxc2 Rxc2 30. Kf1 Rxa2 31. Rxa2 Qxa2 32. Qxe5 b3 33. Qb8+ 1/2-1/2

[Event "Sachsen-ch Seniors"]
[Site "Dresden"]
[Date "2007.08.??"]
[Round "6"]
[White "Kempen, Willi"]
[Black "Appelt, Gerd"]
[Result "1/2-1/2"]
[WhiteElo "2200"]
[BlackElo "2046"]
[PlyCount "99"]
[EventDate "2007.07.28"]
[EventType "swiss"]
[EventRounds "9"]
[EventCountry "GER"]
[SourceTitle "EXT 2008"]
[Source "ChessBase"]
[SourceDate "2007.11.25"]
[SourceVersion "1"]
[SourceVersionDate "2007.11.25"]
[SourceQuality "1"]

1. e4 e5 2. Nf3 Nc6 3. Bb5 a6 4. Ba4 Nf6 5. Qe2 d6 6. c3 b5 7. Bb3 Be7 8. a4 Rb8 9. axb5 axb5 10. d4 Qd7 11. h3 0-0 12. 0-0 Qe8 13. Bg5 h6 14. Bh4 Nd7 15. Bd5 Nd8 16. dxe5 dxe5 17. Rd1 c6 18. Bb3 Nc5 19. Nbd2 Nxb3 20. Nxb3 f6 21. Bg3 Be6 22. Nbd2 Nf7 23. Nf1 Bb3 24. Rdc1 Nd6 25. N1d2 Bf7 26. b4 Qd7 27. Ra6 Qb7 28. Raa1 Ra8 29. Qd1 Rxa1 30. Rxa1 Ra8 31. Ne1 Rxa1 32. Qxa1 c5 33. f3 cxb4 34. cxb4 Nc4 35. Qc3 Qd7 36. Nxc4 Bxc4 37. Bf2 Qc6 38. Nc2 Kf7 39. Ne3 g6 40. g4 Bd6 41. h4 Qc8 42. Kh2 Be6 43. Qxc8 Bxc8 44. Be1 f5 45. exf5 gxf5 46. gxf5 Bb7 47. Kg2 e4 48. fxe4 Bxe4+ 49. Kf2 h5 50. Bc3 1/2-1/2

[Event "EU-chT Seniors 09th"]
[Site "Dresden"]
[Date "2007.02.18"]
[Round "3"]
[White "Appelt, Gerd"]
[Black "Niebuhr, Gerd"]
[Result "1/2-1/2"]
[WhiteElo "2027"]
[BlackElo "2071"]
[PlyCount "39"]
[EventDate "2007.02.16"]
[EventType "team-swiss"]
[EventRounds "9"]
[EventCountry "GER"]
[SourceTitle "CBM 117 Extra"]
[Source "ChessBase"]
[SourceDate "2007.05.09"]
[SourceVersion "1"]
[SourceVersionDate "2007.05.09"]
[SourceQuality "1"]

1. e4 e5 2. Nf3 Nc6 3. c3 d5 4. Qa4 f6 5. Bb5 Nge7 6. exd5 Qxd5 7. 0-0 e4 8. Nd4 Bd7 9. Nxc6 Nxc6 10. Re1 0-0-0 11. Qb3 Qxb3 12. axb3 a6 13. Bf1 Bf5 14. Na3 Ne5 15. Nc4 Nxc4 16. bxc4 c5 17. Ra5 Bg6 18. g3 Bd6 19. Bh3+ Kc7 20. Be6 1/2-1/2

[Event "GER-ch Seniors 18th"]
[Site "Dresden"]
[Date "2006.07.30"]
[Round "9"]
[White "Kahn, Peter"]
[Black "Appelt, Gerd"]
[Result "1-0"]
[WhiteElo "2150"]
[BlackElo "2046"]
[PlyCount "47"]
[EventDate "2006.07.22"]
[EventType "swiss"]
[EventRounds "9"]
[EventCountry "GER"]
[SourceTitle "CBM 113 Extra"]
[Source "ChessBase"]
[SourceDate "2006.09.14"]
[SourceVersion "1"]
[SourceVersionDate "2006.09.14"]
[SourceQuality "1"]

1. d4 Nf6 2. Nf3 e6 3. e3 b6 4. Bd3 Bb7 5. 0-0 Be7 6. c4 Ne4 7. Qc2 f5 8. Nc3 Nxc3 9. bxc3 0-0 10. e4 Qe8 11. d5 Na6 12. Be3 fxe4 13. Bxe4 Qh5 14. Rad1 Bd6 15. h3 e5 16. Ng5 Nc5 17. Bxh7+ Kh8 18. Bg6 Qh4 19. g3 Qxc4 20. Rd4 exd4 21. Qd1 Rf3 22. Qxf3 Qxd5 23. Qh5+ Kg8 24. Bf7+ 1-0

[Event "GER-ch Seniors 18th"]
[Site "Dresden"]
[Date "2006.07.27"]
[Round "6"]
[White "Appelt, Gerd"]
[Black "Schmieder, Wolfgang Ernst"]
[Result "1-0"]
[WhiteElo "1890"]
[BlackElo "1658"]
[PlyCount "57"]
[EventDate "2006.07.22"]
[EventType "swiss"]
[EventRounds "9"]
[EventCountry "GER"]
[SourceTitle "EXT 2022"]
[Source "ChessBase"]
[SourceDate "2021.10.06"]
[SourceVersion "1"]
[SourceVersionDate "2021.10.06"]
[SourceQuality "1"]

1. e4 c5 2. Nc3 d6 3. g3 Nf6 4. Bg2 g6 5. d3 Bg7 6. h3 Nbd7 7. Be3 Rb8 8. Qd2 h6 9. Nge2 b5 10. 0-0 a6 11. g4 Bb7 12. Ng3 e6 13. Rae1 Qa5 14. a3 h5 15. gxh5 Nxh5 16. Nxh5 Rxh5 17. f4 f5 18. exf5 Bxc3 19. bxc3 Nf8 20. fxg6 Nxg6 21. f5 Nh4 22. Qe2 Rh7 23. Qg4 Rh8 24. Bxb7 Rxb7 25. Bg5 Qxc3 26. Rxe6+ Kf7 27. Bxh4 Qd4+ 28. Qxd4 cxd4 29. Rf4 1-0

[Event "GER-ch Seniors 18th"]
[Site "Dresden"]
[Date "2006.07.22"]
[Round "1"]
[White "Uhlmann, Wolfgang"]
[Black "Appelt, Gerd"]
[Result "1-0"]
[WhiteElo "2413"]
[BlackElo "2046"]
[PlyCount "93"]
[EventDate "2006.07.22"]
[EventType "swiss"]
[EventRounds "9"]
[EventCountry "GER"]
[SourceTitle "CBM 113 Extra"]
[Source "ChessBase"]
[SourceDate "2006.09.14"]
[SourceVersion "1"]
[SourceVersionDate "2006.09.14"]
[SourceQuality "1"]

1. c4 Nf6 2. Nc3 e6 3. Nf3 b6 4. e4 d6 5. d4 Be7 6. Bd3 Bb7 7. 0-0 Nbd7 8. Re1 e5 9. d5 Nc5 10. Bc2 Bc8 11. b4 Nb7 12. Ba4+ Bd7 13. Bc6 Rb8 14. Be3 0-0 15. h3 Qe8 16. Bxb7 Rxb7 17. c5 dxc5 18. bxc5 Bxc5 19. Bxc5 bxc5 20. Rb1 Rb6 21. Qc1 Qe7 22. Qa3 Ra8 23. Nd2 Nh5 24. Ne2 Bb5 25. g3 a6 26. Rbc1 Bxe2 27. Rxe2 Rb4 28. Qe3 Rb5 29. Nb3 Nf6 30. Rxc5 Rb4 31. f3 Ne8 32. Rec2 Rab8 33. Kg2 R8b5 34. R5c3 a5 35. Qa7 a4 36. Na5 Rb2 37. Nc6 Rxc2+ 38. Rxc2 Qa3 39. Nxe5 f6 40. Qa6 Rb6 41. Qc8 Qe7 42. Nc4 Rb1 43. d6 cxd6 44. Nxd6 Kf8 45. Rd2 Qe5 46. Nxe8 Rb8 47. Nxf6+ 1-0

[Event "EU-chT Seniors 08th"]
[Site "Dresden"]
[Date "2006.02.23"]
[Round "7"]
[White "Appelt, Gerd"]
[Black "Wiemer, Juergen"]
[Result "0-1"]
[WhiteElo "2054"]
[BlackElo "2115"]
[PlyCount "82"]
[EventDate "2006.02.17"]
[EventType "team-swiss"]
[EventRounds "8"]
[EventCountry "GER"]
[SourceTitle "CBM 111 Extra"]
[Source "ChessBase"]
[SourceDate "2006.05.09"]
[SourceVersion "1"]
[SourceVersionDate "2006.05.09"]
[SourceQuality "1"]
[WhiteTeam "DBAG/BSW II"]
[BlackTeam "Mecklenburg Vorpommern"]
[WhiteTeamCountry "GER"]
[BlackTeamCountry "GER"]

1. e4 e5 2. Nf3 Nc6 3. c3 Nf6 4. d4 exd4 5. e5 Qe7 6. Qe2 Nd5 7. cxd4 Qb4+ 8. Qd2 d6 9. Nc3 Be6 10. a3 Qa5 11. Rb1 a6 12. b4 Qb6 13. Bc4 Nxc3 14. Qxc3 Bxc4 15. Qxc4 Qb5 16. Qe2 dxe5 17. dxe5 Be7 18. Rb2 0-0-0 19. Qxb5 axb5 20. 0-0 Rd3 21. Rd2 Rhd8 22. Rfd1 Rxd2 23. Rxd2 Rxd2 24. Bxd2 Kd7 25. Kf1 Ke6 26. Ke2 Nxe5 27. Nxe5 Kxe5 28. Bc3+ Kd5 29. Kd3 f6 30. g4 Bd6 31. h4 b6 32. Bd2 c5 33. f4 Bf8 34. Bc3 Be7 35. g5 fxg5 36. hxg5 g6 37. Bd2 Bd6 38. Be3 cxb4 39. axb4 Bxb4 40. Bxb6 Bc5 41. Ba5 b4 0-1

[Event "EU-chT Seniors 08th"]
[Site "Dresden"]
[Date "2006.02.22"]
[Round "6"]
[White "Bisse, Vilorij"]
[Black "Appelt, Gerd"]
[Result "1/2-1/2"]
[WhiteElo "1835"]
[BlackElo "2054"]
[PlyCount "41"]
[EventDate "2006.02.17"]
[EventType "team-swiss"]
[EventRounds "8"]
[EventCountry "GER"]
[SourceTitle "CBM 111 Extra"]
[Source "ChessBase"]
[SourceDate "2006.05.09"]
[SourceVersion "1"]
[SourceVersionDate "2006.05.09"]
[SourceQuality "1"]
[WhiteTeam "Dresden Seniors"]
[BlackTeam "DBAG/BSW II"]
[WhiteTeamCountry "GER"]
[BlackTeamCountry "GER"]

1. e4 e5 2. f4 exf4 3. Nf3 Be7 4. Bc4 Nf6 5. d3 d5 6. exd5 Nxd5 7. Nc3 Nxc3 8. bxc3 Bd6 9. Qe2+ Qe7 10. Qxe7+ Kxe7 11. d4 Re8 12. 0-0 Be6 13. Bd3 h6 14. c4 c6 15. Re1 Kf8 16. Rb1 b6 17. Ne5 Bxe5 18. Rxe5 Nd7 19. Re1 g5 20. a4 Rac8 21. Ba3+ 1/2-1/2

[Event "EU-chT Seniors 08th"]
[Site "Dresden"]
[Date "2006.02.21"]
[Round "5"]
[White "Appelt, Gerd"]
[Black "Pape, Manfred"]
[Result "0-1"]
[WhiteElo "2054"]
[BlackElo "2222"]
[PlyCount "82"]
[EventDate "2006.02.17"]
[EventType "team-swiss"]
[EventRounds "8"]
[EventCountry "GER"]
[SourceTitle "CBM 111 Extra"]
[Source "ChessBase"]
[SourceDate "2006.05.09"]
[SourceVersion "1"]
[SourceVersionDate "2006.05.09"]
[SourceQuality "1"]
[WhiteTeam "DBAG/BSW II"]
[BlackTeam "Widukind"]
[WhiteTeamCountry "GER"]
[BlackTeamCountry "GER"]

1. e4 c6 2. d4 g6 3. Be3 Bg7 4. c3 d6 5. Bd3 Nf6 6. f3 0-0 7. Ne2 e5 8. 0-0 Nbd7 9. Na3 d5 10. Ng3 dxe4 11. fxe4 exd4 12. cxd4 Nb6 13. Be2 Qe7 14. Bf3 Rd8 15. Qe2 Be6 16. Rfd1 Ne8 17. Qf2 Nc7 18. Ne2 f5 19. e5 g5 20. Nc3 g4 21. Be2 Ncd5 22. Bd2 Rf8 23. Nc2 Rf7 24. Be1 Bh6 25. Bd2 Bg5 26. Nxd5 Nxd5 27. Ne3 Nxe3 28. Bxe3 f4 29. Bd2 Bh4 30. Qf1 f3 31. Bc4 fxg2 32. Qe2 g3 33. Be3 Kh8 34. Bxe6 gxh2+ 35. Kxh2 Qxe6 36. Qh5 Bf2 37. Bxf2 Rxf2 38. Qh4 g1Q+ 39. Kxg1 Rf5 40. Rd2 Rg8+ 41. Kh2 Qg6 0-1

[Event "EU-chT Seniors 08th"]
[Site "Dresden"]
[Date "2006.02.19"]
[Round "3"]
[White "Appelt, Gerd"]
[Black "Kunath, Emil"]
[Result "1/2-1/2"]
[WhiteElo "2054"]
[BlackElo "1985"]
[PlyCount "57"]
[EventDate "2006.02.17"]
[EventType "team-swiss"]
[EventRounds "8"]
[EventCountry "GER"]
[SourceTitle "CBM 111 Extra"]
[Source "ChessBase"]
[SourceDate "2006.05.09"]
[SourceVersion "1"]
[SourceVersionDate "2006.05.09"]
[SourceQuality "1"]
[WhiteTeam "DBAG/BSW II"]
[BlackTeam "Heidenau"]
[WhiteTeamCountry "GER"]
[BlackTeamCountry "GER"]

1. e4 d5 2. exd5 Qxd5 3. Nc3 Qa5 4. Bc4 Bf5 5. d4 c6 6. Bd2 Qb6 7. Qf3 e6 8. Nge2 Nf6 9. 0-0-0 Nbd7 10. h3 Bd6 11. g4 Bg6 12. h4 h5 13. g5 Nd5 14. Ne4 Bxe4 15. Qxe4 g6 16. Rh3 Qc7 17. Rf3 N7b6 18. Ba5 0-0 19. Bb3 Bb4 20. Bxb4 Nxb4 21. Nf4 Kg7 22. c4 a5 23. a4 Rae8 24. Kb1 Nc8 25. Nd3 Nxd3 26. Rdxd3 Ne7 27. Bc2 Rd8 28. Rb3 Rd7 29. Rf4 1/2-1/2

[Event "EU-chT Seniors 08th"]
[Site "Dresden"]
[Date "2006.02.17"]
[Round "1"]
[White "Appelt, Gerd"]
[Black "Littlewood, John Eric"]
[Result "1/2-1/2"]
[WhiteElo "2054"]
[BlackElo "2275"]
[PlyCount "99"]
[EventDate "2006.02.17"]
[EventType "team-swiss"]
[EventRounds "8"]
[EventCountry "GER"]
[SourceTitle "CBM 111 Extra"]
[Source "ChessBase"]
[SourceDate "2006.05.09"]
[SourceVersion "1"]
[SourceVersionDate "2006.05.09"]
[SourceQuality "1"]
[WhiteTeam "DBAG/BSW II"]
[BlackTeam "Great Britain"]
[WhiteTeamCountry "GER"]
[BlackTeamCountry "GBR"]

1. e4 e5 2. Nf3 d6 3. c3 f5 4. exf5 Bxf5 5. Qb3 Nf6 6. d3 Nbd7 7. Be3 Be7 8. Nbd2 d5 9. d4 e4 10. Nh4 Be6 11. g3 0-0 12. Ng2 Bf7 13. Be2 c5 14. 0-0 c4 15. Qc2 Bg6 16. Nf4 Bf5 17. Qd1 g5 18. Ng2 h6 19. g4 Bg6 20. h4 Ne8 21. h5 Bh7 22. b3 cxb3 23. axb3 Nc7 24. c4 Nf6 25. Re1 Qd7 26. Nf1 Ne6 27. c5 Ne8 28. Qd2 Bd8 29. b4 Bc7 30. b5 Nf4 31. b6 Bb8 32. Bxf4 gxf4 33. f3 a6 34. Qb2 Nf6 35. Qb3 Kh8 36. Nh2 Rg8 37. Kh1 exf3 38. Bxf3 Ne4 39. Ra2 a5 40. Nh4 a4 41. Qb4 Ng3+ 42. Kg1 Nxh5 43. Rg2 Ng3 44. Nf1 a3 45. Nxg3 fxg3 46. Qb3 Qg7 47. Qxd5 a2 48. Rxa2 Rxa2 49. Qxa2 Qxd4+ 50. Kh1 1/2-1/2